03001cam a22003854i 4500003000900000005001700009008004100026035002000067040003300087100004000120245016100160264001000321300002200331336002100353337002500374338002300399502005800422504002400480520194800504526001002452526001002462526000902472526000902481526000902490526000902499526000902508526000902517526000902526526000802535526000802543526000802551526000802559526000802567650004002575PE-LiUPU20250731165417.0151209s2010 pe grm 000 0 spa d a(Sirsi) a155451 aPE-LiUPUbspacPE-LiUPUerda1 aEscobedo Ríos, Ana Rebeca,eautor13aLa funcionalidad en los matrimonios adventistas de la Universidad Peruana Unión y su relación con la inteligencia emocional /cAna Rebeca Escobedo Rios. 0c2010. a151 hojas c30 cm atext2rdacontent aunmediated2rdamedia avolume2rdacarrier aTesisb(Mg.) -- cUniversidad Peruana Unión,d2010. aIncluye referencias3 aLa presente investigación tiene como objetivo determinar la relación entre las variables inteligencia emocional y la funcionabilidad matrimonial de los cónyuges adventistas de la Universidad Peruana Unión. El cuestionario sobre el cual se trabajó se basa en el Modelo Mc Master (MMFF) propuesto y descrito por Epstein (1982) y el inventario de Cociente Emocional (ICE) Reuven Bar-on (2000). El cuestionario está constituido por diez dimensiones que constituyen cinco dimensiones por cada variable de estudio. En la variable inteligencia emocional se encuentra las dimensiones: aspecto intrapersonal del conyugue, aspecto interpersonal del cónyuge, adaptabilidad del cónyuge, manejo a la tensión del cónyuge y estado anímico del cónyuge. En la variable de funcionamiento matrimonial tenemos: comunicación conyugal, resolución de problemas conyugales, roles conyugales, afectividad conyugal y conducta conyugal. Se analizó la relación entre cada una de las dimensiones de una muestra de 60 parejas adventistas mediante correlación múltiple. Encontrándose que los matrimonios según las dimensiones aspecto intrapersonal del cónyuge, aspecto interpersonal del cónyuge, adaptabilidad del cónyuge, estado anímico constante del cónyuge existe una correlación positiva considerable que evidencia la asociación entre comunicación conyugal, resolución de problemas conyugales, roles conyugales, afectividad conyugal, conducta conyugal. Concluimos por lo tanto que el nivel de funcionalidad matrimonial si se relaciona considerablemente con la inteligencia emocional de los matrimonios adventistas de la Universidad Peruana Unión, excepto en la dimensión manejo a la tensión del cónyuge donde se encontró una correlación positiva moderada entre la asociación comunicación conyugal, resolución de problemas conyugales, roles conyugales, afectividad conyugal, conducta conyugal. aSEG44 aSEG26 aP151 aP150 aP149 aP146 aP145 aP126 aP125 aP92 aP75 aP74 aP27 aP1504aMatrimonioxInteligencia emocional.